000 01081nam a2200265 a 4500
001 000023809
005 20200930022500.0
008 110113s1972 mx 001 0 spa d
040 _aDO-SdBNP
_bspa
_cBNPHU
041 1 7 _aspa
_heng
_2Código de idiomas MARC
082 _ann*
_bnn*
100 1 _aParker, Harry.
_949012
240 1 0 _aSimplified design of structural timber.
_lEspañol
245 1 0 _aDiseño simplificado de estructuras de madera /
_cHarry Parker M. C. ; traducción Jose Luis Lepe Saucedo.
260 _aMéxico, D. F. :
_bCentro Regional de Ayuda Técnica. Agencia para el Desarrollo Internacional,
_c1972.
300 _a294 p. :
_bil. ;
_c22 cm.
490 1 _aLimusa Wiley
490 1 _aTextos simplificados para arquitectura, ingeniería y construcciones
534 _aTítulo en inglés :
_tSimplified design of structural timber
500 _aIncluye índice.
700 1 _aLepe Saucedo, Jose Luis,
_etr.
_949013
830 0 _aTextos simplificados para arquitectura, ingeniería y construcciones
_949014
830 0 _aLimusa Wiley
_949015
049 _aBNGR
999 _c23305
_d23305